| 000 | 01418nam a2200241Ia 4500 | ||
|---|---|---|---|
| 003 | Ost | ||
| 005 | 20260507075334.0 | ||
| 008 | 260507s9999||||xx |||||||||||||| ||und|| | ||
| 020 | _a5103339957 | ||
| 040 | _cfsecg | ||
| 041 | _aara | ||
| 082 | _a330 | ||
| 100 |
_aالزبيدي، حسن لطيف كاظم _eمؤلف |
||
| 245 | 0 |
_aالدولة و التنمية في الوطن العربي : _bمحاولة لاستباق التغيير العالمي في ظل منهجية التحليل المستقبلي / _c حسن لطيف كاظم الزبيدي |
|
| 260 |
_aعمان: _bمؤسسة الوراق, _c2008 |
||
| 300 |
_a536 صفحة؛ _bإيضاحات ؛ _c25 سم |
||
| 504 | _aمراجع ص.511 | ||
| 520 | _aالقضايا العامة في مفهوم الدولة و دورها ، مفهوم الدولة في الوطن العربي : المضامين و الاشكاليات ، اشكالية التنمية بواسطة الدولة في الوطن العربي ، استباق التغيير العالمي : المقاربة المستقبلية للدولة في الوطن العربي ، محددات مستقبل الدولة القطرية و أخيرا البدائل المستقبلية لهذه الدولة | ||
| 653 | _aالبلدان العربية ـ التنمية | ||
| 653 | _aالتنمية | ||
| 653 | _aالتنمية ـ البلدان العربية | ||
| 942 | _cكتاب | ||
| 999 |
_c44032 _d44032 |
||